| 000 | 01073nam a22002895i 4500 | ||
|---|---|---|---|
| 001 | 16069 | ||
| 003 | ES-MaACL | ||
| 005 | 20230906151234.0 | ||
| 007 | t| | ||
| 008 | 000620m19901992sp ||||0| spa j | ||
| 020 | _a84-7774-997-3 | ||
| 040 |
_aM-BN _bspa _cM-BN |
||
| 080 | _a801"19" | ||
| 245 | 0 | 0 |
_aPanorama de la lingüística moderna de la Universidad de Cambridge / _ccompilación de Frederick J. Newmeyer ; edición supervisada por Luis Eguren ; traducción de Javier Gómez Guinovart, Amparo Tusón Valls. |
| 260 |
_aMadrid : _bVisor, _c1990-1992. |
||
| 300 |
_a4 v. ; _c25 cm. |
||
| 490 | 1 |
_aVisor lingüística y conocimiento ; _v7,10,16-17 |
|
| 504 | _aBibliografía. Indices. | ||
| 505 | 8 | _a1-2. Teoría lingüísta 3-4. El lenguaje | |
| 650 | 1 | 4 |
_aLingüística- _yS.XX. _914475 |
| 700 | 1 |
_aNewmeyer, Frederick J. _9185696 |
|
| 700 | 1 |
_aEguren Gutiérrez, Luis Javier. _946773 |
|
| 830 | 0 |
_aVisor lingüística y conocimiento ; _v7,10,16-17 _9182140 |
|
| 852 |
_aES-MaACL _jL-23251-54 _bR.128541 |
||
| 999 |
_c16069 _d16069 |
||